|
|
|
|
| LEADER |
00000nab a2200000 ar4500 |
| 001 |
vtls009305590 |
| 003 |
SK-MaSNL |
| 005 |
20260303192924.0 |
| 008 |
080620c20070928xo mr|p|||||||000 b|slo |
| 038 |
|
|
|a SNSK
|
| 040 |
|
|
|b slo
|c SNSK
|e AACR2
|
| 041 |
|
|
|a slo
|
| 044 |
|
|
|a xo
|c SK
|
| 080 |
|
|
|a 06.036
|2 2001
|
| 080 |
|
|
|a 339.187.42
|2 2001
|
| 100 |
1 |
|
|a Karasová, Erika,
|d 1973-
|4 aut
|9 89869
|
| 245 |
1 |
0 |
|a Spišiaci majú kvôli euru veľké oči
|b domy predávajú za prehnané ceny
|c Erika Karasová
|
| 300 |
|
|
|b Fotogr.
|
| 650 |
0 |
7 |
|a nehnuteľnosti
|2 snsk
|9 3653
|
| 650 |
0 |
7 |
|a predaj
|2 snsk
|9 13334
|
| 651 |
|
7 |
|a Spišská Nová Ves (Slovensko)
|2 snsk
|9 28800
|
| 773 |
0 |
|
|t Spišský Korzár
|g Roč. IX., č. 223 (28.9.2007), s. 2
|x 1335-7590
|
| 852 |
|
|
|a SNSK
|b KIS3GCP
|
| 999 |
|
|
|c 2149447
|d 2151377
|